000 01057cam a2200205 4500
001 ABS65891
008 020816n2002 000 0 eng u
035 _a(Sirsi) u119356
100 _aBell, R
245 _aUp on the roof
260 _c2002
490 _aChartered Secretary
_v July 2002, 12-15(4)
520 _aExamines the problems landlords may encounter when allowing mobile telephone equipment - antennae, aerials or a mast - to be sited on their buildings. Problems include checking that the telecoms company is licensed on Oftel's Register of Licences (http://www.oftel.gov.uk); removing a from the property once an agreement expires; drawing up the agreement; practical issues such as access, electricity supply and rent reviews; indemnity, liability and risk and, finally, the views of other people within and around the building towards mobile phone masts.
590 _aABS
650 _aTELECOMMUNICATIONS
650 _aMOBILE PHONE MASTS
650 _aMOBILE COMMUNICATIONS
690 _aTRANSPORT AND COMMUNICATIONS
942 _n0
999 _c70970
_d70970